| 000 | 00796nam a2200229 i 4500 | ||
|---|---|---|---|
| 001 | 39722 | ||
| 003 | ES-MaACL | ||
| 005 | 20251001175243.0 | ||
| 007 | t| | ||
| 008 | 030304s1979 sp ||||1| spa d | ||
| 100 | 1 |
_aCanellas López, Angel. _934480 |
|
| 245 | 1 | 0 |
_aAragón / _ctexto de Angel Canellas López y Angel San Vicente ; fotografía de Zodiaque, [traducción y adaptación de textos, Abundio Rodríguez]. |
| 260 |
_aMadrid : _bEncuentro, _c[1979] |
||
| 300 |
_a470 p., 81 lám. neg. y col. : _bil. ; _c23 cm. |
||
| 490 | 1 | _aLa España románica | |
| 700 | 1 |
_aSan Vicente, Angel. _9102312 |
|
| 700 | 0 |
_aZodiaque _9118322 |
|
| 700 | 1 |
_aRodríguez, Abundio. _998202 |
|
| 830 | 0 |
_aLa España románica _9182338 |
|
| 852 |
_aES-MaACL _jF-16063 _bR.100810 |
||
| 999 |
_c39722 _d39722 |
||